000 00748cam a2200217 a 4500
001 000004252
005 20240306164224.0
008 990729s1999 sp 000 f spa
020 _a8420484172
040 _aDO-SdBNP
_cDLC
_dDLC
082 _aPe863.44
_bV297ó
100 1 _aVargas Llosa, Mario,
_d1936-
_912567
245 1 0 _aObra reunida :
_bnarrativa breve /
_cMario Vargas Llosa.
260 _aMadrid :
_bAlfaguara,
_c1999.
300 _a733 p. ;
_c22 cm.
440 0 _aBiblioteca Mario Vargas Llosa
_912568
505 0 _aLos jefes -- Los cachorros -- Quién mató a Palomino Molero? -- El hablador -- Elogio de la madrastra.
650 4 _aNovela peruana
_912569
650 4 _aLiteratura peruana
_93140
910 _aCatalogación por copia / LC
999 _c4066
_d4066